Commodity market reforms : Lessons of two decades

Sparad:
Bibliografiska uppgifter
Materialtyp: Bok
Språk:Undetermined
Publicerad: Washington DC World Bank 2001
Ämnen:
Taggar: Lägg till en tagg
Inga taggar, Lägg till första taggen!
Thư viện lưu trữ: Trung tâm Học liệu Trường Đại học Cần Thơ
LEADER 00498nam a2200181Ia 4500
001 CTU_62829
008 210402s9999 xx 000 0 und d
082 |a 380.141 
082 |b C734 
245 0 |a Commodity market reforms : 
245 0 |b Lessons of two decades 
260 |a Washington DC 
260 |b World Bank 
260 |c 2001 
650 |a Economic policy 
650 |z Developing countries 
904 |i Minh (Nguyên sửa) 
980 |a Trung tâm Học liệu Trường Đại học Cần Thơ